00631nam a2200181Ia 4500952015800000999001700158003000400175005001700179008004100196020001800237040000900255082001800264100002700282245004600309260004300355300000900398942004200407 00102ddc40708POLITICAL SCIENCEaMESbMEScPOLd2019-02-20g795.00l1m1o323.34 CHA/Wp32645r2022-08-02 00:00:00s2022-07-12w2019-02-20yBKzGL10R3 c21237d21237OSt20200605122621.0190216s9999||||xx |||||||||||||| ||und|| a9788130703282 coclc a323.34bCHA/W aChanna, Subhadra92529 0aWomen And Human Rights /cSubhadra Channa bCosmo Publications,c2006.aNew Delhi: a307p cBK2ddch323.34iCHA/Wk323.34mCHA/W